Mots en anglais#2 - Statistiques

Statistiques générales
  • Ce quiz a été pris 701 fois
    666 depuis la dernière actualisation
  • Le résultat moyen est 11 sur 12
Statistiques - réponses
Mot francais Traduction anglaise % Correct
Manger eat
99%
café coffee
98%
Boire drink
98%
Roi king
98%
aimer love
98%
maison house
96%
Bisou Kiss
96%
travailler work
96%
sang blood
91%
pousser push
74%
cervelle brain
67%
paysage landscape
55%
Aucun quiz correspondant
Distribution des résultats
% des personnes avec chaque résultat
Percentile par nombre de réponses
Votre historique - résultats
Vous n’avez pas pris ce quiz depuis la dernière actualisation